000 00312nam a2200145Ia 4500
100 _aZe-nian/Li/ Drew/mark S
942 _cBK
654 _amultimedia
245 _aFundamentals of Multimedia
260 _bPearson Education
_c2004
082 _a4.65
_bLI
300 _a560
546 _aENGLISH
999 _c26205
_d26205